000 00712nam a2200229 a 4500
005 20251108063854.0
008 030303s2000 mx r 000 0 spa d
020 _a8449309247
035 _aUPN01000122337
049 _aCG
050 4 _aPN56 T3.7
_bV6.4
100 1 _aVouillamoz, Núria
245 1 0 _aLiteratura e hipermedia :
_bla irrupción de la literatura interactiva : precedentes y crítica /
_cNúría Vouillamoz.
260 _aBarcelona, Esp. :
_bPaidós,
_c2000.
300 _a207 p.
440 0 _aPapeles de Comunicación ;
_v30
650 4 _aLITERATURA Y TECNOLOGIA
_920445
650 4 _aMULTIMEDIA INTERACTIVA
_94856
650 2 _aSistemas hipertexto
_94857
902 _acps
905 _aLibro
999 _c94533
_d94533